แสดงรายละเอียดบรรณานุกรม
  กลับหน้าหลัก

Brief Record : Get Marc (ISO 2709) : E-mail record : QR code ปิดหน้าต่าง
E-books : เกี่ยวกับ Collections
LEADER 00000nam 2200000uu 4500
001    211387
003     ULIBM
008    020711s2559 th a 000 0 tha d
041    ^atha^beng
060  4 WL704 ส181 2559
110    สถาบันพระบรมราชชนก กลุ่มพัฒนาการศึกษา
245    คู่มือการสอนหลักสูตรความสำคัญในการจัดการความปวด เรื่อง การประเมินและการจัดการความปวด ตามกรอบ RAT Mode/^cกลุ่มพัฒนาการศึกษา สถาบันพระบรมราชชนก.
246 31 ^aRecognize Assess Treatment Model (RAT Model)
246 30 ^aการประเมินและการจัดการความปวด
250    พิมพ์ครั้งที่ ครั้งแรก
260    นนทบุรี :^bกลุ่มพัฒนาการศึกษา สถาบันพระบรมราชชนก,^c2559
300    151 หน้า :^bภาพประกอบ ;^c24 ซม.
650  4 การจัดการความปวด^xคู่มือการสอน
650  4 ^aความปวด
999    ^aใช้งานได้ทุกระบบ
รายการนี้ยังไม่มีแท็ก
คุณยังไม่ได้ล็อกอิน คุณสามารถมีกิจกรรมร่วมกับเว็บไซต์ได้ แต่ต้องล็อกอินก่อน ::
  ล็อกอิน
ลำดับที่ ประเภท เลขเรียก สถานที่ สถานะ
1. หนังสือทั่วไป
หนังสือทั่วไป
WL704 ส181 2559 ฉ.1 
  
การพยาบาลพื้นฐาน On Shelf
  ขอยืม
2. หนังสือทั่วไป
หนังสือทั่วไป
WL704 ส181 2559 ฉ.2 
  
การพยาบาลพื้นฐาน On Shelf
  ขอยืม
Note:อภินันทนาการ
3. หนังสือทั่วไป
หนังสือทั่วไป
WL704 ส181 2559 ฉ.3 
  
การพยาบาลพื้นฐาน On Shelf
  ขอยืม
Note:อภินันทนาการ
4. หนังสือทั่วไป
หนังสือทั่วไป
WL704 ส181 2559 ฉ.4 
  
การพยาบาลพื้นฐาน ถูกยืม กำหนดส่งวันที่ 22 เมษายน 2569
  จอง
Note:อภินันทนาการ
5. หนังสือทั่วไป
หนังสือทั่วไป
WL704 ส181 2559 ฉ.5 
  
การพยาบาลพื้นฐาน On Shelf
  ขอยืม
Note:อภินันทนาการ
6. หนังสือทั่วไป
หนังสือทั่วไป
WL704 ส181 2559 ฉ.6 
  
การพยาบาลพื้นฐาน On Shelf
  ขอยืม
Note:อภินันทนาการ
7. หนังสือทั่วไป
หนังสือทั่วไป
WL704 ส181 2559 ฉ.7 
  
การพยาบาลพื้นฐาน On Shelf
  ขอยืม
Note:อภินันทนาการ
8. หนังสือทั่วไป
หนังสือทั่วไป
WL704 ส181 2559 ฉ.8 
  
การพยาบาลพื้นฐาน On Shelf
  ขอยืม
Note:อภินันทนาการ
9. หนังสือทั่วไป
หนังสือทั่วไป
WL704 ส181 2559 ฉ.9 
  
การพยาบาลพื้นฐาน On Shelf
  ขอยืม
Note:อภินันทนาการ
10. หนังสือทั่วไป
หนังสือทั่วไป
WL704 ส181 2559 ฉ.10 
  
การพยาบาลพื้นฐาน On Shelf
  ขอยืม
Note:อภินันทนาการ
11. หนังสือทั่วไป
หนังสือทั่วไป
WL704 ส181 2559 ฉ.11 
  
การพยาบาลพื้นฐาน On Shelf
  ขอยืม
Note:อภินันทนาการ
   [แสดง 11/11 รายการ]

รายการใกล้เคียง
    หัวเรื่อง [ความปวด]

BibComment


ยังไม่เคยถูกคอมเมนท์

คอมเมนท์ทรัพยากรรายการนี้
  คอมเมนท์: คู่มือการสอนหลักส..
Bib 211387

 
 
 

 Union Library Management : ULibM
Copyright 2026. All Rights Reserved.
скачать бесплатно без регистрации порно красивый секс HD Sex Hindi sex

xxx gou

xxxx

bfxxx

xxxwww

Секса Видео

xxxx

Секса Видео

detube

geilexxx

C99 Shell

worms shell

blod xxx video
Ebony Coed Rihanna Rimes Takes A Dick In Her Young Twat priyaa indian fuck anal and pusssy hardcore indian women xxx desi hardcore fucking part 1 bengalixxxcouple